| 000 | 00757nam a22002177a 4500 | ||
|---|---|---|---|
| 005 | 20141127102057.0 | ||
| 010 | _aENG-111316 | ||
| 020 |
_a9789383098354 _c495.00 |
||
| 035 | _aEN-94848 | ||
| 037 | _bDBAD/PUB | ||
| 082 | _a741.56954 | ||
| 100 | _aUnny, E.P. | ||
| 245 |
_aSanta and the scribes : _cby E.P. Unny ; edited by Jayalakshmi Sengupta _bthe making of Fort Kochi / |
||
| 246 | _aMaking of Fort Kochi | ||
| 260 |
_aNew Delhi _bNiyogi Books _c2014 |
||
| 270 |
_aD-78, Okhla Industrial Area, Phase-I _bNew Delhi _e110020 |
||
| 300 |
_a215p. : _c23cm(pbk) _bIll.(black and white), maps (black and white) |
||
| 500 | _aIncludes bibliographical references | ||
| 700 | _aSengupta, Jayalakshmi | ||
| 942 |
_2ddc _cEN _mUNN _h741.56954 |
||
| 999 |
_c90212 _d90212 |
||